00305 a2200109 4500001000700000020000600007040001100013100003300024240006700057245006200124362000900186169020 a  cMagnum aBiasoli, Carmen Lucia Abadie10aA formacao do professor de arte: do ensaio... a encenacaolpor10aA formacao do professor de arte: do ensaio... a encenacao0 a1899